00449nam a22001577a 4500008004100000020001500041041000800056080001600064100002300080245004100103250001500144260003800159300003100197505004500228650001800273131031b xxu||||| |||| 00| 0 ger d a34862235500 ager a330.101.5411 aRittenbruch, Klaus10aMakroökonomie /cKlaus Rittenbruch a8. Auflage aMunchen :bR. Oldenbourg ;c1993. a366 f. :bme il. ;c24 cm. aLiteraturhinweise zu kapitel 14 : f. 358 aMakroekonomia